Brahms /
Guardado en:
| Autor Principal: | |
|---|---|
| Formato: | |
| Series: | Música maestro
|
| Materias: | |
| Etiquetas: |
Agregar Etiqueta
Sin Etiquetas, Sea el primero en etiquetar este registro!
|
| LEADER | 00936ngm a22002535g 4500 | ||
|---|---|---|---|
| 001 | CEM.cems022435 | ||
| 008 | 130507b1999##################0###0#####d | ||
| 005 | 20241104132150.0 | ||
| 245 | 1 | 0 | |a Brahms / |c Graham Holloway. |
| 300 | |a 52'. | ||
| 490 | 0 | |a Música maestro | |
| 500 | |a En soporte VHS, consultar en ventanilla. | ||
| 505 | 0 | |a Biografía de Johann Brahms sobre ejemplos de sus principales obras: Sinfonía nº 1, Danza Húngara, etc. Sus aportes más importantes a la evolución del pensamiento musical. | |
| 538 | |a Soporte: VHS - Norma: Pal N - Color: Si - Grabación DRD 1999 - Hitachi=4205. | ||
| 100 | 1 | |a Holloway, Graham | |
| 082 | 7 | 8 | |/ HOL-1 |
| 653 | |a MUSICA | ||
| 653 | |a HISTORIA DE LA MUSICA | ||
| 653 | |a BRAHMS | ||
| 653 | |a ORQUESTA SINFONICA | ||
| 653 | |a DANZA HUNGARA | ||
| 653 | |a NIVEL PRIMARIO | ||
| 653 | |a NIVEL SECUNDARIO | ||
| 859 | |a CEMS |b BIB. CEMS - Depto. Recursos Didacticos |h 785 |i HOL-1 |k DRD |p 1078.12 |t Ej.1 | ||
